Merged Countries - Statistics

General Stats
  • This quiz has been taken 359 times
  • The average score is 17 of 20
Answers on the Map
Answers color-coded by a green-red scale on the quiz's map according to % correct below.
 
Answer Stats
Country % Correct
United States
95%
Mexico
93%
Bolivia
91%
Chile
91%
Central African Republic
90%
Chad
90%
Kazakhstan
89%
Uzbekistan
88%
Germany
86%
Netherlands
85%
D.R. Congo
84%
Switzerland
83%
Italy
82%
Ghana
80%
Ivory Coast
79%
Oman
79%
Uganda
79%
Yemen
79%
Ukraine
66%
Moldova
65%
No matching quizzes found
Score Distribution
Percent of People with Each Score
Percentile by Number Answered
Your Score History
You have not taken this quiz